期刊信息 |
| 索取号 |
G25/LJ
|
| 题名 |
LIBRARY JOURNAL
|
| 作者 |
|
| 分册号 |
|
| 分册名 |
|
| 出版地 |
NEW YORK
|
| 出版者 |
REED PUBLISHING
|
| 标准刊号 |
0363-0277
|
| 出版频率 |
半月刊
|
| 中图法分类 |
G25
|
| 主题词 |
图书馆学; 图书馆事业
|
| 电子资源 | |
| |
|
| 000 | 00639nas0 2200193 45 | |
| 001 | 0752001655 | |
| 005 | 20070416143335.70 | |
| 011 | @a0363-0277 | |
| 100 | @a20070416d km y0chiy0120 ea | |
| 101 | 0 | @aeng |
| 200 | 1 | @aLIBRARY JOURNAL |
| 207 | @aLibrary Journal is published 21times a year,twice a month,February through June,September and November,three times in October and monthly in January,July,August and December by the Cahners Publishing Company. | |
| 210 | @aNEW YORK@cREED PUBLISHING | |
| 326 | @a半月刊 | |
| 606 | 0 | @a图书馆学 |
| 606 | 0 | @a图书馆事业 |
| 690 | @aG25@v4 | |
| 801 | 0 | @aCN@bPFT@c20070416 |
| 905 | @aTJWY@dG25@eLJ | |
| LIBRARY JOURNAL.-Library Journal is published 21times a year,twice a month,February through June,September and November,three times in October and monthly in January,July,August and December by the Cahners Publishing Company.-NEW YORK:REED PUBLISHING |
| ISSN 0363-0277 |
| ● |
| 相关链接: |
|
|
|
|